Elementary Quantitative Chemistry

Bibliographic Details
Main Author: Gilreath, Esmarch S
Format: Section = Libro
Language:Undetermined
Spanish
Published: United Stated W.H. Freeman and Company 1969
Subjects:
LEADER 00521nam a2200193Ia 4500
008 240830s9999 xx 000 0 und d
040 |a CEDOC FIQ-RUSB / 545 G489 
041 |a spa 
082 |a 545 G489 
100 1 |a Gilreath, Esmarch S 
245 1 0 |a Elementary Quantitative Chemistry 
260 |a United Stated  |b W.H. Freeman and Company  |c 1969 
300 |a 222 p. :il. 
650 7 |a QUÍMICA ANALÍTICA 
650 7 |b RACIONES ACIDAS 
650 7 |c  METODOS COLORIMETRICOS 
942 |c BK  |2 ddc 
991 |a TEXTO 
999 |c 13045